00515nam a2200193 a 4500001001300000003000900013005001700022008004100039020001000080082001600090100001600106245006100122260004200183300000900225500003500234505002500269650001100294700001600305nice12345678IN_TiNIC20260116012654.0050524s1981 cana grp 000 0 eng  ac10000a222.12bHAR aHarlow, R E aWay Out and the Way in Sstudies in Exodus and Leviticus. aCanadabEvery Day Publications c1981 a128p aincludes index and biblioraphy2 aBibliograpphy, Index aExodus1 aHarlow, R E